000
00321 a2200157 4500
001
171363
020
_a
040
_c
Magnum
100
_a
Botelho, Mariza Andrade Maia
240
1
0
_a
Dona gigi
_l
por
245
1
0
_a
Dona gigi
300
_a
59
362
0
_a
1990
697
_a
LITERATURA INFANTO-JUVENIL
942
_c
BK
999
_c
171363
_d
171363